| 000 | 00729nam a22002175i 4500 | ||
|---|---|---|---|
| 001 | 156088 | ||
| 003 | ES-MaACL | ||
| 005 | 20240524063005.0 | ||
| 008 | 040727s1855 gw |||| | eng d | ||
| 040 |
_aCAM _bspa _cCAM |
||
| 100 | 0 |
_aIrving, Washington, _d1783-1859 _965506 |
|
| 245 | 1 | 0 |
_aChronicles of Wolfert's Roost and others papers / _cby Washington Irving. |
| 250 | _aAuthor's ed. | ||
| 260 |
_aLeipzig : _bBernhard Tauchnitz, _c1855. |
||
| 300 |
_aVI, 386 p. ; _c16 cm. |
||
| 490 | 1 |
_aCollection of british authors ; _v324 |
|
| 650 | 4 |
_aNovela inglesa. _9137408 |
|
| 830 | 0 |
_aCollection of british authors ; _v324 _9180703 |
|
| 852 |
_aES-MaACL _jG-11580 _z-- Enc. hol. |
||
| 999 |
_c156088 _d156088 |
||